Súpis miest a obcí Slovenskej republiky 2002

Bibliographic Details
Format: Book
Language:Slovak
PhysicalDescription:286 s. tab. 29 cm
Published: Bratislava Geotext [2002]
ISBN:8096835211
Subjects:

MARC

LEADER 00000nam a2200000 a 4500
001 vtls001445076
003 SK-MaSNL
005 20260426010635.0
008 160415s2002 xo a r y 0 slo
015 |a SNBF2003/01-00188 
020 |a 8096835211 
035 |a SNK000400308 
040 |a SNK  |b slo  |c SNK  |e AACR2 
041 0 |a slo 
044 |a xo  |c SK 
080 |a 311.314:911.37(437.6)(058.7)"2002"  |2 2. stred. slo 
080 |a 911.37  |2 2. stred. slo 
245 1 |a Súpis miest a obcí Slovenskej republiky 2002 
246 1 0 |a Directory of the towns and communes of the SR 
246 1 1 |a Directory of the towns and communes of the SR 
260 |a Bratislava  |b Geotext  |c [2002] 
300 |a 286 s.  |b tab.  |c 29 cm 
500 |a Súbežný názov a text čiast. angl. 
500 |a Obalový názov 
505 0 |a Obsahuje aktuálny adresár krajských a okresných úradov 
648 7 |a 2002  |2 SNK  |9 299607 
650 0 7 |a mestá  |2 SNKPH  |9 2929 
650 0 7 |a obce  |2 SNKPH  |9 2935 
651 7 |a Slovensko  |2 SNKPHgeo  |9 14231 
655 7 |a adresáre  |2 SNKPH  |9 70415 
655 7 |a súpisy  |2 SNKPH  |9 70480 
919 |a 80-968352-1-1 
958 |a FAD 
958 |a TL 
999 |c 1040366  |d 1042296 
952 |t P60, <03>, [BOOK], {603}  |a SNK  |b SNK  |y PREZ  |7 0  |p 17A0365352  |o snkOSB 10554/2002  |i snkKSP 14354/2002  |0 0  |1 0  |4 0  |d 2002-11-26  |l 0  |r 2005-01-02 00:00:00  |w 2026-02-24 
952 |t P60, <04>, [BOOK], {604}  |a SNK  |b SNK  |y VYP  |7 0  |p 17A0365351  |o snkOSB 10554/2002 D1  |i snkKSP 14355/2002  |0 0  |1 0  |4 0  |d 2002-11-26  |l 0  |r 2005-01-02 00:00:00  |w 2026-02-24 
952 |t snkSUP 911.37(437.6)  |a SNKUST  |b SNKUST  |y PREZ  |7 0  |p 17A0365353  |o snkOSB 10554/2002 D2  |i snkKSP 14356/2002  |0 0  |1 0  |4 0  |d 2002-11-26  |l 0  |r 2025-05-28 00:00:00  |w 2026-02-24